Un capitaine de quinze ans / (Record no. 57886)

MARC details
000 -LEADER
fixed length control field 00402 a2200145 4500
008 - FIXED-LENGTH DATA ELEMENTS--GENERAL INFORMATION
fixed length control field 240129b ||||| |||| 00| 0 eng d
020 ## - INTERNATIONAL STANDARD BOOK NUMBER
International Standard Book Number 9782090318272
050 ## - LIBRARY OF CONGRESS CALL NUMBER
Classification number PQ2469
Item number .V47 2020
100 ## - MAIN ENTRY--PERSONAL NAME
Personal name Verne, Jules,
245 ## - TITLE STATEMENT
Title Un capitaine de quinze ans /
Statement of responsibility, etc Jules Verne
260 ## - PUBLICATION, DISTRIBUTION, ETC. (IMPRINT)
Name of publisher, distributor, etc CLE International
Date of publication, distribution, etc 2020
Place of publication, distribution, etc Paris :
300 ## - PHYSICAL DESCRIPTION
Extent 64 P. ;
Dimensions 18 cm
650 ## - SUBJECT ADDED ENTRY--TOPICAL TERM
Topical term or geographic name as entry element Verne, Jules,
942 ## - ADDED ENTRY ELEMENTS (KOHA)
Item type Book
Source of classification or shelving scheme Library of Congress Classification
Holdings
Withdrawn status Lost status Source of classification or shelving scheme Damaged status Not for loan Collection code Home library Current library Shelving location Date acquired Source of acquisition Cost, normal purchase price Full call number Barcode Date last seen Copy number Price effective from Koha item type
    Library of Congress Classification     Non-fiction Bishop Okullu Memorial Library (Limuru Campus) Bishop Okullu Memorial Library (Limuru Campus) General Circulation 29/01/2024 purchase 1550.00 PQ2469 .V47 2020 071019 29/01/2024 1 29/01/2024 Book